<?xml version="1.0" encoding="UTF-8"?>
<record
    xmlns:xsi="http://www.w3.org/2001/XMLSchema-instance"
    xsi:schemaLocation="http://www.loc.gov/MARC21/slim http://www.loc.gov/standards/marcxml/schema/MARC21slim.xsd"
    xmlns="http://www.loc.gov/MARC21/slim">

  <leader>00452nam a22001217a 4500</leader>
  <datafield tag="040" ind1=" " ind2=" ">
    <subfield code="c">SK</subfield>
  </datafield>
  <datafield tag="082" ind1=" " ind2=" ">
    <subfield code="a">608</subfield>
  </datafield>
  <datafield tag="100" ind1=" " ind2=" ">
    <subfield code="a">SAM SARON; &#x179F;&#x17C6; &#x179F;&#x17B6;&#x179A;&#x17C9;&#x1793;</subfield>
  </datafield>
  <datafield tag="245" ind1=" " ind2=" ">
    <subfield code="a">Les principales maladies des volailles leu prevention et controle; &#x1787;&#x17C6;&#x1784;&#x17BA;&#x179F;&#x17C6;&#x1781;&#x17B6;&#x1793;&#x17CB;&#x17D7;&#x179A;&#x1794;&#x179F;&#x17CB;&#x1794;&#x1780;&#x17D2;&#x179F;&#x17B8; &#x179C;&#x17B7;&#x1792;&#x17B6;&#x1793;&#x1780;&#x17B6;&#x179A;&#x178E;&#x17CD;&#x1780;&#x17B6;&#x179A;&#x1796;&#x17B6;&#x179A;&#x1793;&#x17B7;&#x1784;&#x178F;&#x17D2;&#x179A;&#x17BD;&#x178F;&#x1796;&#x17B7;&#x1793;&#x17B7;&#x178F;&#x17D2;&#x1799;</subfield>
  </datafield>
  <datafield tag="260" ind1=" " ind2=" ">
    <subfield code="a">RUA</subfield>
    <subfield code="b">SAM </subfield>
    <subfield code="c">1994</subfield>
  </datafield>
  <datafield tag="300" ind1=" " ind2=" ">
    <subfield code="a">69p.</subfield>
  </datafield>
  <datafield tag="942" ind1=" " ind2=" ">
    <subfield code="c">KB</subfield>
  </datafield>
  <datafield tag="999" ind1=" " ind2=" ">
    <subfield code="c">9044</subfield>
    <subfield code="d">9044</subfield>
  </datafield>
  <datafield tag="952" ind1=" " ind2=" ">
    <subfield code="0">0</subfield>
    <subfield code="1">0</subfield>
    <subfield code="4">0</subfield>
    <subfield code="6">608_000000000000000_SAM_1994_C246</subfield>
    <subfield code="7">0</subfield>
    <subfield code="9">50565</subfield>
    <subfield code="a">LBC</subfield>
    <subfield code="b">LBC</subfield>
    <subfield code="c">C246</subfield>
    <subfield code="d">2016-08-23</subfield>
    <subfield code="l">1</subfield>
    <subfield code="o">608 SAM 1994 C246</subfield>
    <subfield code="p">RUA046475</subfield>
    <subfield code="r">2017-07-19</subfield>
    <subfield code="s">2017-07-19</subfield>
    <subfield code="y">KB</subfield>
  </datafield>
  <datafield tag="952" ind1=" " ind2=" ">
    <subfield code="0">0</subfield>
    <subfield code="1">0</subfield>
    <subfield code="4">0</subfield>
    <subfield code="6">608_000000000000000_SAM_1994_C246</subfield>
    <subfield code="7">0</subfield>
    <subfield code="9">56780</subfield>
    <subfield code="a">LBC</subfield>
    <subfield code="b">LBC</subfield>
    <subfield code="c">C246</subfield>
    <subfield code="d">2016-11-11</subfield>
    <subfield code="o">608 SAM 1994 C246</subfield>
    <subfield code="p">RUA045415</subfield>
    <subfield code="r">2016-11-11</subfield>
    <subfield code="w">2016-11-11</subfield>
    <subfield code="y">KB</subfield>
  </datafield>
</record>
